000 00524nam a2200181 a 4500
001 000011537
005 20240530073912.0
008 091020s1945 dr 000 f spa d
040 _aDO-SdBNP
_bspa
_cBNPHU
082 _aRD863.44
_bD159h
100 1 _aDamirón, Rafael,
_d1882-1956
_927287
245 1 0 _a¿!Hello, Jimmy!? /
_cRafael Damirón.
260 _aCiudad Trujilo :
_bArte y Cine,
_c1945.
300 _a115 p. ;
_c22 cm.
650 0 _aNovela dominicana
_9223
650 0 _aLiteratura dominicana.
_967
049 _aBNPD
999 _c11232
_d11232